| 000 | 00691nam a2200265Ia 4500 | ||
|---|---|---|---|
| 008 | 190123s9999 xx 000 0 und d | ||
| 020 | _a9780545837958 | ||
| 050 | _bM135 2014 | ||
| 100 | _aMcDonald, Megan | ||
| 245 | 0 | _aAmy Namey in Ace reporter / | |
| 245 | 0 | _cby Megan McDonald ; illustrated by Erwin Madrid. | |
| 260 | _aNew York, New York : | ||
| 260 | _bScholastic, | ||
| 260 | _c2014 | ||
| 300 | _a60 pages : | ||
| 300 | _bcolored illustrations ; | ||
| 300 | _c23cm. | ||
| 440 | _aJudy Moody and friends. | ||
| 500 | _a530L | ||
| 650 | _aMoody, Judy. | ||
| 650 | _aReporters and reporting. | ||
| 700 | _aMadrid, Erwin. | ||
| 700 | _aSeries. | ||
| 700 | _aTitle. | ||
| 999 |
_c361076 _d361076 |
||